header

Textbook of information science (Record no. 257427)

MARC details
000 -LEADER
fixed length control field 00396nam a22001577a 4500
003 - CONTROL NUMBER IDENTIFIER
control field OSt
005 - DATE AND TIME OF LATEST TRANSACTION
control field 20181130142405.0
008 - FIXED-LENGTH DATA ELEMENTS--GENERAL INFORMATION
fixed length control field 181130b xxu||||| |||| 00| 0 eng d
040 ## - CATALOGING SOURCE
Transcribing agency n/a
050 ## - LIBRARY OF CONGRESS CALL NUMBER
Classification number Z669
Item number .K85 2011
100 ## - MAIN ENTRY--PERSONAL NAME
Personal name Kawatra P.S
245 ## - TITLE STATEMENT
Title Textbook of information science
260 ## - PUBLICATION, DISTRIBUTION, ETC. (IMPRINT)
Place of publication, distribution, etc New Delhi-India
Name of publisher, distributor, etc A.P.H. PUB. CORPORATION
Date of publication, distribution, etc 2011
300 ## - PHYSICAL DESCRIPTION
Extent 323p
Other physical details ill
942 ## - ADDED ENTRY ELEMENTS (KOHA)
Source of classification or shelving scheme Library of Congress Classification
Koha item type Long Loan Books

No items available.

© 2026 Rongo University
Contact us: librarian | system librarian | Rongo university